000 00844cam a2200241 4500
001 WB3710-16
008 000000n2001 000 0 eng u
035 _a(Sirsi) u111284
245 _aBarcelona's fourth coming
260 _c2001
490 _aFinancial Times
_v2 March 2001, 32(2)
520 _aIn an attempt to relieve its chronic shortage of commercial real estate, describes the moves being taken by the authorities in Barcelona to transform the old manufacturing district of Poble Nou, into the city's premier business district for new technologies.
590 _aWB
650 _aBARCELONA
650 _aSPAIN
650 _aHIGH-TECHNOLOGY INDUSTRIES
650 _aOFFICE SPACE
650 _aREDEVELOPMENT
650 _aMANUFACTURING SITES
650 _aPROPERTY-COMMERCIAL PROPERTY
690 _aEUROPE
942 _n0
999 _c66311
_d66311